000
00348nam a2200145Ia 4500
008
210716s9999 xx 000 0 und d
020
_a
8170292565
041
_a
eng
082
_a
005.133 KANY
100
_a
Kanetkar, Yashavant.
245
_a
C projects.
260
_a
New Delhi
_b
BPB Publications
300
_a
xi,596
650
_a
C Programming
999
_c
184214
_d
184214